| 000 | 00799nam a2200325Ia 4500 | ||
|---|---|---|---|
| 008 | 160803s9999 xx 000 0 und d | ||
| 020 | _a9781407103969 | ||
| 100 | _aKerr, P.B | ||
| 245 | 4 | _aThe eye of the forest / | |
| 245 | _cP.B. Kerr. | ||
| 260 | _aNew York : | ||
| 260 | _bScholastic Inc. | ||
| 260 | _c2009 | ||
| 300 | _a391 pages ; | ||
| 300 | _c21 cm. | ||
| 440 | _aChildren of the lamp ; | ||
| 440 | _vbk. 5. | ||
| 500 | _aOriginally published in the US by Orchard, 2009. | ||
| 650 | _aBrothers and sisters -- | ||
| 650 | _aGenies -- | ||
| 650 | _aIncas -- Antiquities -- | ||
| 650 | _aMagic -- | ||
| 650 | _aTwins -- | ||
| 650 | _xFiction. | ||
| 650 | _xFiction. | ||
| 650 | _xFiction. | ||
| 650 | _xFiction. | ||
| 650 | _xFiction. | ||
| 700 | _a830 | ||
| 999 |
_c298731 _d298731 |
||